| 000 | 00684nam a22002172 4500 | ||
|---|---|---|---|
| 001 | 0000021321 | ||
| 005 | 20151217154454.0 | ||
| 008 | 120314s xx 000 0 eng d | ||
| 020 | _a8120330962 : | ||
| 040 |
_aKABU _cKABU |
||
| 100 | 1 |
_aCherunilam, Francis. _@0000151459 |
|
| 245 | 1 | 0 |
_aInternatiional business : _btext and cases / _cFrancis Cherunilam. |
| 250 | _a4th rev. ed. | ||
| 260 |
_aNew Delhi : _bPHI, _c2007. |
||
| 300 | _axxiii, 848 p. | ||
| 650 | 0 |
_aInternational business enterprise _xManagement. _@0000150909 |
|
| 651 | 0 |
_aInternational trade. _@0000169692 |
|
| 852 | 1 | _9p4650 KES | |
| 908 | _a120314 | ||
| 950 | _@1 | ||
| 999 |
_c11426 _d11426 |
||